| 000 | 00387nam a2200157Ia 4500 | ||
|---|---|---|---|
| 008 | 231217s9999 xx 000 0 und d | ||
| 041 | _aEnglish | ||
| 082 | _a001.6424C TRO;4 | ||
| 100 | _aTroelsen, Andrew. | ||
| 245 | 0 | _aC# and the .NET platform | |
| 250 | _a2nd ed. | ||
| 260 |
_c2003 _bSpringer _aNew Delhi |
||
| 300 | _axxxii+1158 | ||
| 650 | _aC#,.net,platform | ||
| 942 | _cAA | ||
| 999 |
_c176119 _d176119 |
||